000 00550nmm a2200169Ia 4500
008 251105s9999||||xx |||||||||||||||||und||
020 _a9788481696394
041 _aspa
100 _aZamora Zaragoza, José Antonio
245 0 _aMedios de comunicación :
_b Información, espectáculo, manipulación
264 _a[Madrid, España] :
_bEditorial Verbo Divino,
_c2010
300 _a289 páginas
490 _aNuevos desafíos
650 _aMedia Studies (Journ., TV, etc)
856 _uhttps://public.digitaliapublishing.com/a/2420
942 _cCF
999 _c85932
_d85932